Statistics for Word Ladder - Ranger to Crepes

Click here to take the quiz!

General Stats

  • This quiz has been taken 60 times
  • The average score is 7 of 13

Answer Stats

HintAnswer% Correct
Armed guard who controls a regionRanger
100%
Lightweight fabrics of silksCrepes
84%
Placed in a particular orderRanged
67%
Had a desire forWanted
57%
Spoke in a loud mannerRanted
53%
Fastened with a sticky mixturePasted
51%
Used thoughtlesslyWasted
49%
Affixed in a public placePosted
45%
Frizzes the hairsCrapes
35%
Covered with a layer of materialCoated
33%
Estimated a price for production ofCosted
33%
Was put in apacking boxCrated
31%
Put in packing boxesCrates
29%

Score Distribution

Percentile by Number Answered

Percent of People with Each Score

Your Score History

You have not taken this quiz